000 00480nam a2200193Ia 4500
003 LK-CoDNM
008 010623t1926 xxu||||| |||| 00| 1 sin d
040 _aLK-CoDNM
_dLK-CoDNM
_eLK-CoDNM
041 _asin
080 _a104 J.10
100 _aKarunaratne,Malinie,M
_eed.
245 _aලංකා මාතා
246 _aLanka matha
260 _bMalinie M.Karunaratne
_aColombo
_c1926
300 _b23p., 21 cm
650 _aNun
650 _aSeven wives
942 _cBK
999 _c93617
_d93617